000 00700nam a2200217 i 4500
001 125428
003 ES-MaACL
005 20230906192627.0
007 t|
008 070611s1991 be ||||1| fre d
020 _a2-87106-036-3
080 _a913(493.21 B.)(036)
100 1 _aGilde, Véronique.
_956927
245 1 0 _aMuser a Bruxelles
_b: tous les musées, les parcs et jardins, l'art dans le métro /
_cVéronique Gilon.
260 _aBruxelles :
_bLe Cri,
_c[1991]
300 _a209 p. :
_bil. ;
_c18 cm.
500 _aBiblioteca Jacinto Martínez Lacalle.
500 _aIndice: p. 201-208.
651 4 _aBruselas-
_vGuías turísticas.
_97897
852 _aES-MaACL
_je-11661
_bR.139108
999 _c125428
_d125428